[Event "Aaron"]
[Site "SchemingMind.com"]
[Date "2005.03.26"]
[Round "-"]
[White "Helloween"]
[Black "reptile"]
[Result "1-0"]
[WhiteCountry "INT"]
[BlackCountry "ISR"]
[WhiteElo "2079"]
[WhiteRD "86"]
[BlackElo "1797"]
[BlackRD "90"]
[GameID "11556"]

1. d4 Nf6 2. c4 e6 3. Nc3 Bb4 4. e3 O-O 5. Bd3 d5 6. Nf3 c5 7. O-O Nc6 8. a3 Bxc3 9. bxc3 dxc4 10. Bxc4 Qe7
11. a4 b6 12. Re1 Rd8 13. e4 cxd4 14. e5 Nd5 15. cxd4 Qd7 16. Ng5 h6 17. Ne4 Nc7 18. Nf6+ gxf6 19. Qg4+ Kf8 20. Ba3+
1-0

[Event "Aaron"]
[Site "SchemingMind.com"]
[Date "2005.03.26"]
[Round "-"]
[White "reptile"]
[Black "Helloween"]
[Result "0-1"]
[WhiteCountry "ISR"]
[BlackCountry "INT"]
[WhiteElo "1797"]
[WhiteRD "90"]
[BlackElo "2079"]
[BlackRD "86"]
[GameID "11557"]

1. d4 Nf6 2. c4 e6 3. Nc3 Bb4 4. e3 O-O 5. Bd3 d5 6. Nf3 c5 7. O-O Nc6 8. a3 Bxc3 9. bxc3 dxc4 10. Bxc4 Qc7
11. Re1 e5 12. d5 Na5 13. Ba2 e4 14. d6 Qd7 15. Bb2 exf3 16. c4 Qg4 17. Qxf3 Qxf3 18. gxf3 Be6 19. e4 Bxc4
0-1

[Event "Aaron"]
[Site "SchemingMind.com"]
[Date "2005.03.30"]
[Round "-"]
[White "cnbcad"]
[Black "reptile"]
[Result "0-1"]
[WhiteCountry "USA"]
[BlackCountry "ISR"]
[WhiteElo "1530"]
[WhiteRD "50"]
[BlackElo "1836"]
[BlackRD "86"]
[GameID "11725"]

1. d4 Nf6 2. c4 e6 3. Nc3 Bb4 4. Bd2 c5 5. a3 Bxc3 6. Bxc3 cxd4 7. Qxd4 Nc6 8. Qh4 b6 9. e4 Bb7 10. Nf3 d5
11. cxd5 exd5 12. e5 Ne4 13. Qxd8+ Rxd8 14. e6 Nxc3 15. exf7+ Kxf7 16. bxc3 Rhe8+ 17. Be2 Ba6 18. Ra2 d4 19. cxd4 Nxd4 20. Nxd4 Rxd4
21. f3 Bc4 22. Rb2 Bxe2 23. Rxe2 Ra4 24. Rxe8 Kxe8 25. Kf2 Rxa3 26. Rd1 b5 27. g4 a5 28. h4 b4 29. Rb1 b3 30. Ke2 Ke7
31. Kd3 a4 32. Kc3 Ra2 33. f4 Rg2 34. Kb4 Rxg4 35. Kxa4 Rxh4 36. Kxb3 Rxf4 37. Re1+= Kf6 38. Re8 h5 39. Rh8 h4 40. Kc3 g5
41. Rf8+ Ke5 42. Re8+ Kf5 43. Rf8+ Kg4 44. Rd8 h3 45. Rh8 Kg3 46. Rd8 Kg2 47. Rd2+ Rf2
0-1

[Event "Aaron"]
[Site "SchemingMind.com"]
[Date "2005.03.30"]
[Round "-"]
[White "cnbcad"]
[Black "Helloween"]
[Result "0-1"]
[WhiteCountry "USA"]
[BlackCountry "INT"]
[WhiteElo "1566"]
[WhiteRD "77"]
[BlackElo "2020"]
[BlackRD "74"]
[GameID "11726"]

1. d4 Nf6 2. c4 e6 3. Nc3 Bb4 4. a3 Bxc3+ 5. bxc3 c5 6. e3 Nc6 7. Bd3 e5 8. d5 e4 9. dxc6 exd3 10. cxb7 Bxb7
11. f3 Qe7 12. Qxd3 Ba6 13. Ne2 d5 14. O-O Bxc4 15. Qc2 O-O 16. Re1 Nd7 17. Qa4 Ne5 18. e4 Nd3 19. Rd1 f5 20. Ng3 fxe4
21. fxe4 Qe5 22. Qd7 Rf7 23. Qh3 Nf2 24. Rxd5 Nxh3+
0-1

[Event "Aaron"]
[Site "SchemingMind.com"]
[Date "2005.03.31"]
[Round "-"]
[White "reptile"]
[Black "cnbcad"]
[Result "1-0"]
[WhiteCountry "ISR"]
[BlackCountry "USA"]
[WhiteElo "1836"]
[WhiteRD "86"]
[BlackElo "1530"]
[BlackRD "50"]
[GameID "11727"]

1. d4 Nf6 2. c4 e6 3. Nc3 Bb4 4. Nf3 O-O 5. e3 Ne4 6. Qc2 Bxc3+ 7. bxc3 Nf6 8. Bd3 d6 9. O-O e5 10. h3 e4
11. Bxe4 Nxe4 12. Qxe4 Nd7 13. Qd3 Nf6 14. e4 b6 15. Bg5 h6 16. Bh4 a5 17. Rad1 d5 18. cxd5 Re8 19. e5 Ba6 20. c4 Bxc4
21. Qxc4 Qxd5 22. Qxc7 Nd7 23. Qc2 Rac8 24. Qb2 b5 25. Ne1 Nxe5 26. Bg3 Nc6 27. Nc2 b4 28. Ne3 Qb5 29. d5 Ne7 30. d6 Qd7
31. dxe7 Qxe7 32. Nf5 Qg5 33. Nd6 Re2 34. Qxe2 Rf8 35. Rd4 Qc5 36. Rg4 a4 37. Ne8 Qc6 38. Rxg7+ Kh8 39. Re1 Rxe8 40. Qxe8+ Qxe8
41. Rxe8+ Kxg7 42. Rb8 b3 43. axb3
1-0

[Event "Aaron"]
[Site "SchemingMind.com"]
[Date "2005.03.30"]
[Round "-"]
[White "Helloween"]
[Black "cnbcad"]
[Result "1-0"]
[WhiteCountry "INT"]
[BlackCountry "USA"]
[WhiteElo "2020"]
[WhiteRD "74"]
[BlackElo "1566"]
[BlackRD "77"]
[GameID "11728"]

1. d4 Nf6 2. c4 e6 3. Nc3 Bb4 4. e3 Bxc3+ 5. bxc3 O-O 6. Bd3 d5 7. Nf3 b6 8. Ba3 Re8 9. Ne5 dxc4 10. Qf3 c6
11. Nxc4 Bb7 12. Nd6 Re7 13. e4 c5 14. Nxb7 Rxb7 15. e5 Qd5 16. exf6 Qxf3 17. gxf3 cxd4 18. Be4
1-0

[Event "Aaron"]
[Site "SchemingMind.com"]
[Date "2005.04.02"]
[Round "-"]
[White "Gordon"]
[Black "reptile"]
[Result "1-0"]
[WhiteCountry "ENG"]
[BlackCountry "ISR"]
[WhiteElo "2173"]
[WhiteRD "63"]
[BlackElo "1797"]
[BlackRD "90"]
[GameID "11919"]

1. d4 Nf6 2. c4 e6 3. Nc3 Bb4 4. a3 Bxc3+ 5. bxc3 c5 6. e3 b6 7. Bd3 Bb7 8. f3 O-O 9. Ne2 d5 10. cxd5 exd5
11. O-O Nc6 12. Rb1 Rb8 13. Qe1 Ne7 14. Nf4 Re8 15. Qh4 Qd7 16. Nh5 Nxh5 17. Qxh5 f5 18. Bd2 Rf8 19. Rfe1 Rbe8 20. Qh3 Bc8
21. Bb5 Nc6 22. c4 cxd4 23. Bb4 Rf6 24. exd4 dxc4 25. d5 Rxe1+ 26. Rxe1
1-0

[Event "Aaron"]
[Site "SchemingMind.com"]
[Date "2005.04.02"]
[Round "-"]
[White "Gordon"]
[Black "Helloween"]
[Result "1/2-1/2"]
[WhiteCountry "ENG"]
[BlackCountry "INT"]
[WhiteElo "1992"]
[WhiteRD "70"]
[BlackElo "2020"]
[BlackRD "74"]
[GameID "11920"]

1. d4 Nf6 2. c4 e6 3. Nc3 Bb4 4. a3 Bxc3+ 5. bxc3 c5 6. e3 Nc6 7. Bd3 e5 8. Ne2 e4 9. Bc2 O-O 10. O-O Re8
11. Ng3 d6 12. f3 exf3 13. Qxf3 Be6 14. Qe2 Na5 15. d5 Bd7 16. Rf4 Re5 17. Bd2 b5 18. cxb5 Nxd5 19. Qd3 g6 20. c4 Nxf4
21. exf4 Re8 22. Qc3 Nxc4 23. Qxc4 d5 24. Qd3 c4 25. Qxd5 Qb6+ 26. Kh1 Bxb5 27. Bc3 Bc6 28. Qxc4 Rac8 29. Qd4 Bxg2+ 30. Kxg2 Qxd4
31. Bxd4 Rxc2+ 32. Kf3 a6 33. Ne4 Rd8 34. Nf6+ Kg7 35. Be5 Rd3+ 36. Ke4 Rdd2 37. h3 Ra2 38. Rb1 Rxa3 39. Ng8+ f6 40. Nxf6 Re2+
41. Kd4 g5 42. Ng4+ Kg6 43. Rb6+ Kf7 44. Nh6+ Ke8 45. fxg5 Kd7 46. Rd6+ Ke8 47. Rc6 Kd7 48. Rc4 Ke6 49. Bf4=
1/2-1/2

[Event "Aaron"]
[Site "SchemingMind.com"]
[Date "2005.04.02"]
[Round "-"]
[White "Gordon"]
[Black "cnbcad"]
[Result "1-0"]
[WhiteCountry "ENG"]
[BlackCountry "USA"]
[WhiteElo "1992"]
[WhiteRD "70"]
[BlackElo "1566"]
[BlackRD "77"]
[GameID "11921"]

1. d4 Nf6 2. c4 e6 3. Nc3 Bb4 4. a3 Bxc3+ 5. bxc3 d5 6. e3 dxc4 7. Bxc4 O-O 8. Bd3 b6 9. Ne2 Nbd7 10. O-O Bb7
11. Ng3 Qe7 12. e4 c5 13. Qe2 Rfe8 14. e5 Nd5 15. Ne4 Rf8 16. c4 Nc7 17. Bg5 f6 18. exf6 Nxf6 19. dxc5 Bxe4 20. Bxe4 Rab8
21. cxb6 axb6 22. Rfe1 h6 23. Bh4 b5 24. Bf3 bxc4 25. Qxc4 Nb5 26. Rxe6 Qc7 27. Rc6+ Qf7 28. Bxf6 Qxc4 29. Rxc4 Nxa3 30. Rcc1 Rxf6
31. Rxa3 Rd6 32. h3 Rdb6 33. Rac3 Rb2 34. R3c2 R2b3 35. Bd5+
1-0

[Event "Aaron"]
[Site "SchemingMind.com"]
[Date "2005.04.02"]
[Round "-"]
[White "reptile"]
[Black "Gordon"]
[Result "0-1"]
[WhiteCountry "ISR"]
[BlackCountry "ENG"]
[WhiteElo "1797"]
[WhiteRD "90"]
[BlackElo "2173"]
[BlackRD "63"]
[GameID "11922"]

1. d4 Nf6 2. c4 e6 3. Nc3 Bb4 4. e3 O-O 5. Bd3 d5 6. Nf3 c5 7. O-O cxd4 8. exd4 dxc4 9. Bxc4 b6 10. Bg5 Bb7
11. Ne5 Nc6 12. Ne2 Qc7 13. Bxf6 Nxe5 14. Bxe5 Qxc4 15. a3 Qc6 16. d5 Qxd5 17. Qxd5 exd5 18. axb4 Rfe8 19. Bxg7 Kxg7 20. Nd4 Kf6
21. Rfe1 Rxe1+ 22. Rxe1 Rc8 23. Nb5 Rc2 24. b3 a6 25. Nd6 Bc6 26. h4 Rc3
0-1

[Event "Aaron"]
[Site "SchemingMind.com"]
[Date "2005.04.03"]
[Round "-"]
[White "Helloween"]
[Black "Gordon"]
[Result "1-0"]
[WhiteCountry "INT"]
[BlackCountry "ENG"]
[WhiteElo "2020"]
[WhiteRD "74"]
[BlackElo "1992"]
[BlackRD "70"]
[GameID "11923"]

1. d4 Nf6 2. c4 e6 3. Nc3 Bb4 4. e3 c5 5. Bd3 O-O 6. Nf3 d5 7. O-O dxc4 8. Bxc4 Nbd7 9. a3 cxd4 10. axb4 dxc3
11. bxc3 Qc7 12. Qb3 b6 13. Be2 Bb7 14. Rd1 a5 15. Bb2 Rfc8 16. c4 axb4 17. Rxa8 Bxa8 18. Qxb4 Qc5 19. Qxc5 Nxc5 20. Nd4 Rd8
21. f3 e5 22. Nb3 Rxd1+ 23. Bxd1 Nfd7 24. Nxc5
1-0

[Event "Aaron"]
[Site "SchemingMind.com"]
[Date "2005.04.02"]
[Round "-"]
[White "cnbcad"]
[Black "Gordon"]
[Result "0-1"]
[WhiteCountry "USA"]
[BlackCountry "ENG"]
[WhiteElo "1566"]
[WhiteRD "77"]
[BlackElo "1992"]
[BlackRD "70"]
[GameID "11924"]

1. d4 Nf6 2. c4 e6 3. Nc3 Bb4 4. a3 Bxc3+ 5. bxc3 c5 6. Bg5 Qa5 7. Qc2 cxd4 8. Nf3 Ne4 9. Bd2 Nxd2 10. Qxd2 Qxc3
11. Qxc3 dxc3 12. Rc1 Na6 13. Rxc3 d6 14. e3 Bd7 15. Be2 Ke7 16. O-O Nc5 17. h3 Rhc8 18. Rb1 b6 19. g4 e5 20. Ng5 f5
21. Nxh7 Ne4 22. Rc2 Rh8 23. gxf5 Bxf5 24. Rcb2 Rxh7 25. Rc1 Ng5 26. f4 exf4 27. exf4 Nxh3+ 28. Kf1 Nxf4 29. Re1 Rh1+ 30. Kf2 Nh3+
0-1

[Event "Aaron"]
[Site "SchemingMind.com"]
[Date "2005.04.03"]
[Round "-"]
[White "ChuckBoudreaux"]
[Black "reptile"]
[Result "0-1"]
[WhiteCountry "USA"]
[BlackCountry "ISR"]
[WhiteElo "1827"]
[WhiteRD "105"]
[BlackElo "1836"]
[BlackRD "86"]
[GameID "11966"]

1. d4 Nf6 2. c4 e6 3. Nc3 Bb4 4. Qc2 c5 5. dxc5 O-O 6. a3 Qa5 7. Bd2 Bxc5 8. Ne4 Qb6 9. Nxc5 Qxc5 10. Bb4 Qd4
11. e3 Qg4 12. Bxf8 Kxf8 13. Nf3 b6 14. h3 Qh5 15. g4 Qc5 16. g5 Ng8
0-1

[Event "Aaron"]
[Site "SchemingMind.com"]
[Date "2005.04.03"]
[Round "-"]
[White "ChuckBoudreaux"]
[Black "Helloween"]
[Result "1/2-1/2"]
[WhiteCountry "USA"]
[BlackCountry "INT"]
[WhiteElo "1875"]
[WhiteRD "99"]
[BlackElo "2025"]
[BlackRD "74"]
[GameID "11967"]

1. d4 Nf6 2. c4 e6 3. Nc3 Bb4 4. e3 O-O 5. Bd3 d5 6. Nf3 c5 7. O-O Nc6 8. a3 Bxc3 9. bxc3 dxc4 10. Bxc4 Qc7
11. Bb2 e5 12. Qc2 e4 13. Nd2 Bf5 14. Nb3 Ng4 15. g3 cxd4 16. cxd4 Rac8 17. Rac1 Qe7 18. Qe2 Rfe8 19. Bb5 Nf6 20. Rc3 Bg4
21. Qc2 Bd7 22. Bc4 Be6 23. Bb5 Nd5 24. Rc5 f5 25. Rc1 Nb6 26. Qd1 Rf8 27. Bxc6 Rxc6=
1/2-1/2

[Event "Aaron"]
[Site "SchemingMind.com"]
[Date "2005.04.03"]
[Round "-"]
[White "ChuckBoudreaux"]
[Black "cnbcad"]
[Result "1-0"]
[WhiteCountry "USA"]
[BlackCountry "USA"]
[WhiteElo "1843"]
[WhiteRD "117"]
[BlackElo "1566"]
[BlackRD "77"]
[GameID "11968"]

1. d4 Nf6 2. c4 e6 3. Nc3 Bb4 4. e3 O-O 5. Bd3 d5 6. Nf3 c6 7. O-O b6 8. Ne5 Bb7 9. Bd2 Qd6 10. a3 Bxc3
11. Bxc3 Nbd7 12. f4 c5 13. Nxd7 Nxd7 14. dxc5 Qxc5 15. Bd4 Qc6 16. Bxh7+ Kxh7 17. Qh5+ Kg8 18. Bxg7 Kxg7 19. Qg5+ Kh7 20. Rf3
1-0

[Event "Aaron"]
[Site "SchemingMind.com"]
[Date "2005.04.03"]
[Round "-"]
[White "ChuckBoudreaux"]
[Black "Gordon"]
[Result "0-1"]
[WhiteCountry "USA"]
[BlackCountry "ENG"]
[WhiteElo "1875"]
[WhiteRD "99"]
[BlackElo "2067"]
[BlackRD "61"]
[GameID "11969"]

1. d4 Nf6 2. c4 e6 3. Nc3 Bb4 4. Qc2 O-O 5. a3 Bxc3+ 6. Qxc3 b6 7. Bg5 Ba6 8. e3 d6 9. Bd3 Nbd7 10. Ne2 h6
11. Bh4 c5 12. b4 cxd4 13. exd4 Rc8 14. Qb3 e5 15. b5 Bb7 16. O-O d5 17. cxd5 exd4 18. Bf5 g5 19. Qg3 Nxd5 20. f4 Nc3
21. Nc1 f6 22. Be6+ Kg7 23. fxg5 hxg5 24. Re1 Ne4 25. Qg4 Ne5 26. Qf5 Nd6 27. Qf2 gxh4 28. Bxc8 Qxc8 29. Qxd4 Nf5 30. Qe4 Bxe4
0-1

[Event "Aaron"]
[Site "SchemingMind.com"]
[Date "2005.04.03"]
[Round "-"]
[White "reptile"]
[Black "ChuckBoudreaux"]
[Result "1-0"]
[WhiteCountry "ISR"]
[BlackCountry "USA"]
[WhiteElo "1836"]
[WhiteRD "86"]
[BlackElo "1827"]
[BlackRD "105"]
[GameID "11970"]

1. d4 Nf6 2. c4 e6 3. Nc3 Bb4 4. e3 O-O 5. Nf3 d5 6. Bd3 c5 7. O-O Nc6 8. a3 Bxc3 9. bxc3 dxc4 10. Bxc4 Qc7
11. Bd3 e5 12. d5 e4 13. Bxe4 Nxe4 14. dxc6 Qxc6 15. Qc2 Re8 16. c4
1-0

[Event "Aaron"]
[Site "SchemingMind.com"]
[Date "2005.04.03"]
[Round "-"]
[White "Helloween"]
[Black "ChuckBoudreaux"]
[Result "1-0"]
[WhiteCountry "INT"]
[BlackCountry "USA"]
[WhiteElo "2079"]
[WhiteRD "86"]
[BlackElo "1897"]
[BlackRD "108"]
[GameID "11971"]

1. d4 Nf6 2. c4 e6 3. Nc3 Bb4 4. e3 O-O 5. Bd3 d5 6. Nf3 c5 7. O-O dxc4 8. Bxc4 Nbd7 9. a3 cxd4 10. axb4 dxc3
11. bxc3 Qc7 12. Qb3 b6 13. Be2 a5 14. Rd1 Ba6 15. c4 Rfc8 16. Nd2 axb4 17. Qxb4 Nc5 18. Bb2 Nd5 19. cxd5 Bxe2 20. Qc3 f6
21. Rxa8 Rxa8 22. Re1 Bb5 23. dxe6 Nxe6 24. Qb3 Qd7 25. Nf3 Qe8 26. Nd4 Bd7 27. Rc1 b5= 28. Nf5 Ra6 29. Qd5 Kf8 30. h3 Ra7
31. Nd6 Qb8 32. f4
1-0

[Event "Aaron"]
[Site "SchemingMind.com"]
[Date "2005.04.03"]
[Round "-"]
[White "cnbcad"]
[Black "ChuckBoudreaux"]
[Result "0-1"]
[WhiteCountry "USA"]
[BlackCountry "USA"]
[WhiteElo "1552"]
[WhiteRD "65"]
[BlackElo "1875"]
[BlackRD "99"]
[GameID "11972"]

1. d4 Nf6 2. c4 e6 3. Nc3 Bb4 4. Bg5 c5 5. dxc5 O-O 6. Nf3 Na6 7. g3 Nxc5 8. Bg2 Nce4 9. O-O Nxc3 10. bxc3 Bxc3
11. Rb1 h6 12. Bxh6 gxh6 13. Qc1 Ba5 14. Qxh6 d5 15. Rbd1 Ne4 16. cxd5 exd5 17. Nh4 Qf6 18. Qh5 Nc3 19. Rd3 Be6 20. Rf3 Nxe2+
21. Kh1 Qh8 22. Qg5+ Qg7 23. Qe3 Nd4 24. Rb1 Nxf3 25. Bxf3 Bb6 26. Qd3 Bxf2 27. Bxd5 Rad8 28. Nf5 Qf6 29. Ne3 Qe5 30. Ng2 Bf5
31. Bxf7+ Kg7
0-1

[Event "Aaron"]
[Site "SchemingMind.com"]
[Date "2005.04.03"]
[Round "-"]
[White "Gordon"]
[Black "ChuckBoudreaux"]
[Result "1-0"]
[WhiteCountry "ENG"]
[BlackCountry "USA"]
[WhiteElo "2067"]
[WhiteRD "61"]
[BlackElo "1875"]
[BlackRD "99"]
[GameID "11973"]

1. d4 Nf6 2. c4 e6 3. Nc3 Bb4 4. a3 Bxc3+ 5. bxc3 c5 6. e3 b6 7. Bd3 Bb7 8. f3 Nc6 9. Ne2 O-O 10. e4 Ne8
11. O-O d6 12. f4 Na5 13. f5 Qd7 14. Ng3 e5 15. f6 Nxf6 16. Rxf6 gxf6 17. Nh5 Kh8 18. Nxf6 Qd8 19. Bg5 Rg8 20. Qh5 Rg7
21. Rf1 cxd4 22. Rf3 Bc8 23. Rg3 dxc3 24. Bh4 Be6 25. Rxg7
1-0

[Event "Aaron"]
[Site "SchemingMind.com"]
[Date "2005.04.04"]
[Round "-"]
[White "loco61"]
[Black "reptile"]
[Result "1-0"]
[WhiteCountry "ENG"]
[BlackCountry "ISR"]
[WhiteElo "1568"]
[WhiteRD "69"]
[BlackElo "1797"]
[BlackRD "90"]
[GameID "12120"]

1. d4 Nf6 2. c4 e6 3. Nc3 Bb4 4. Bd2 c5 5. d5 O-O 6. a3 Ba5 7. e4 Bxc3 8. Bxc3 Nxe4 9. Bxg7 Nxf2 10. Qf3 Kxg7
11. Qxf2 Qg5 12. Nf3 Qf4 13. Bd3 exd5 14. O-O dxc4 15. Bc2 d5 16. Qxc5 Be6 17. Nd4 Qe3+ 18. Kh1 Qh6 19. Nxe6+ Qxe6 20. Bxh7 Nd7
21. Qd4+ Kxh7 22. Qh4+ Kg7 23. Qg5+ Qg6 24. Qxd5 Nf6 25. Qxb7 Ng4 26. Rae1
1-0

[Event "Aaron"]
[Site "SchemingMind.com"]
[Date "2005.04.04"]
[Round "-"]
[White "loco61"]
[Black "Helloween"]
[Result "0-1"]
[WhiteCountry "ENG"]
[BlackCountry "INT"]
[WhiteElo "1515"]
[WhiteRD "66"]
[BlackElo "2020"]
[BlackRD "74"]
[GameID "12121"]

1. d4 Nf6 2. c4 e6 3. Nc3 Bb4 4. Bd2 d5 5. cxd5 exd5 6. Nf3 O-O 7. e3 Re8 8. Be2 c6 9. O-O Qe7 10. a3 Bd6
11. Qc2 Ne4 12. Nxe4 dxe4 13. Ne1 Nd7 14. f3 Nf6 15. f4 Nd5 16. g3 Bh3 17. Ng2 Rac8 18. Rf2 c5 19. Rc1 cxd4 20. Qxc8 Rxc8
21. Rxc8+ Bxc8
0-1

[Event "Aaron"]
[Site "SchemingMind.com"]
[Date "2005.04.04"]
[Round "-"]
[White "loco61"]
[Black "cnbcad"]
[Result "1-0"]
[WhiteCountry "ENG"]
[BlackCountry "USA"]
[WhiteElo "1536"]
[WhiteRD "68"]
[BlackElo "1552"]
[BlackRD "65"]
[GameID "12122"]

1. d4 Nf6 2. c4 e6 3. Nc3 Bb4 4. Bd2 O-O 5. a3 Bxc3 6. Bxc3 d5 7. e3 dxc4 8. Bxc4 c6 9. Nf3 b5 10. Bd3 Nd5
11. O-O a5 12. e4 Nxc3 13. bxc3 Nd7 14. Qc2 e5 15. d5 Ba6 16. c4 cxd5 17. exd5 Nf6 18. Nxe5 Rc8 19. Nc6 Qd6 20. Nxa5 bxc4
21. Nxc4 Qxd5 22. Rac1 Bb7 23. f3 Qd4+ 24. Kh1 Qh4 25. Qb2 Rb8 26. Qf2 Qf4 27. a4 Nd5 28. a5 Ba6 29. Be4 Bxc4 30. Rxc4 Qg5
31. Rc5 Rbd8 32. a6 Rd7 33. Qa2 Nb4 34. Qa5 f5 35. Rxf5 Rxf5 36. Bxf5 Re7 37. Bxh7+
1-0

[Event "Aaron"]
[Site "SchemingMind.com"]
[Date "2005.04.04"]
[Round "-"]
[White "loco61"]
[Black "ChuckBoudreaux"]
[Result "0-1"]
[WhiteCountry "ENG"]
[BlackCountry "USA"]
[WhiteElo "1536"]
[WhiteRD "68"]
[BlackElo "1875"]
[BlackRD "99"]
[GameID "12123"]

1. d4 Nf6 2. c4 e6 3. Nc3 Bb4 4. Bd2 O-O 5. a3 Bxc3 6. Bxc3 Ne4 7. Qd3 d5 8. Nf3 b6 9. Ne5 f6 10. Nf3 Ba6
11. b3 Nxc3 12. Qxc3 dxc4 13. bxc4 Bb7 14. Nd2 Qd7 15. e3 Na6 16. f3 e5 17. Bd3 exd4 18. Qxd4 Qe7 19. O-O Rfd8 20. Qc3 Qxe3+
21. Kh1 Rxd3
0-1

[Event "Aaron"]
[Site "SchemingMind.com"]
[Date "2005.04.04"]
[Round "-"]
[White "loco61"]
[Black "Gordon"]
[Result "0-1"]
[WhiteCountry "ENG"]
[BlackCountry "ENG"]
[WhiteElo "1515"]
[WhiteRD "66"]
[BlackElo "1992"]
[BlackRD "70"]
[GameID "12124"]

1. d4 Nf6 2. c4 e6 3. Nc3 Bb4 4. Bd2 O-O 5. a3 Bxc3 6. Bxc3 Ne4 7. Bb4 d6 8. Qd3 f5 9. f3 Qh4+ 10. g3 Nxg3
0-1

[Event "Aaron"]
[Site "SchemingMind.com"]
[Date "2005.04.05"]
[Round "-"]
[White "reptile"]
[Black "loco61"]
[Result "1-0"]
[WhiteCountry "ISR"]
[BlackCountry "ENG"]
[WhiteElo "1895"]
[WhiteRD "93"]
[BlackElo "1481"]
[BlackRD "70"]
[GameID "12125"]

1. d4 Nf6 2. c4 e6 3. Nc3 Bb4 4. e3 O-O 5. Bd3 d5 6. Nf3 Nc6 7. O-O Qe7 8. a3 Bxc3 9. bxc3 Bd7 10. a4 Rfe8
11. cxd5 exd5 12. Ba3 Qd8 13. c4 Be6 14. Qc2 g6 15. c5 Na5 16. Ne5 c6 17. Bb4 Re7 18. Bxa5 b6 19. cxb6 axb6 20. Nxc6 Qd7
21. Nxe7+ Qxe7 22. Bxb6 Ng4 23. h3
1-0

[Event "Aaron"]
[Site "SchemingMind.com"]
[Date "2005.04.04"]
[Round "-"]
[White "Helloween"]
[Black "loco61"]
[Result "1-0"]
[WhiteCountry "INT"]
[BlackCountry "ENG"]
[WhiteElo "2020"]
[WhiteRD "74"]
[BlackElo "1515"]
[BlackRD "66"]
[GameID "12126"]

1. d4 Nf6 2. c4 e6 3. Nc3 Bb4 4. e3 O-O 5. Bd3 Bxc3+ 6. bxc3 Nc6 7. Ne2 e5 8. e4 d6 9. O-O Bg4 10. f3 Bh5
11. Rb1 b6 12. Bg5 h6 13. Bh4 g5 14. Bf2 Ne7 15. h4 Ng6 16. hxg5 hxg5 17. g4 Bxg4 18. fxg4 Nxg4 19. Ng3 Qd7 20. Nf5 Nf4
21. Qxg4 Ng6 22. Nh6+
1-0

[Event "Aaron"]
[Site "SchemingMind.com"]
[Date "2005.04.05"]
[Round "-"]
[White "cnbcad"]
[Black "loco61"]
[Result "1-0"]
[WhiteCountry "USA"]
[BlackCountry "ENG"]
[WhiteElo "1552"]
[WhiteRD "65"]
[BlackElo "1536"]
[BlackRD "68"]
[GameID "12127"]

1. d4 Nf6 2. c4 e6 3. Nc3 Bb4 4. a3 Bxc3+ 5. bxc3 O-O 6. d5 c5 7. e3 d6 8. g3 e5 9. Bg2 Nbd7 10. Nf3 Nb6
11. Qd3 g6 12. O-O Bf5 13. Qe2 Nbd7 14. e4 Bxe4 15. a4 b6 16. Qe3 Bxf3 17. Bxf3 h5 18. Qe2 Ng4 19. Bxg4 f5 20. Bh3 Nf6
21. Bh6 Rf7 22. Qe3 e4 23. Qg5 Kh7 24. Rfe1 Ng8 25. Qxd8 Rxd8 26. Bg5 Re8 27. Bf4 Rd8 28. Bg5 Re8 29. Rab1 Nf6 30. a5 Rb8
31. Bf4 Rd7 32. Bf1 Rbb7= 33. Be2 Kg7 34. Bd1 Kf7 35. Ba4 Rd8 36. Bc6 Rbb8 37. axb6 axb6 38. Ra1 Nd7 39. Ra7 Kf6 40. Bxd6 Ne5
41. Be7+
1-0

[Event "Aaron"]
[Site "SchemingMind.com"]
[Date "2005.04.04"]
[Round "-"]
[White "ChuckBoudreaux"]
[Black "loco61"]
[Result "1-0"]
[WhiteCountry "USA"]
[BlackCountry "ENG"]
[WhiteElo "1916"]
[WhiteRD "102"]
[BlackElo "1481"]
[BlackRD "70"]
[GameID "12128"]

1. d4 Nf6 2. c4 e6 3. Nc3 Bb4 4. e3 O-O 5. Bd3 Nc6 6. Ne2 d5 7. O-O e5 8. cxd5 Nxd5 9. dxe5 g6 10. f4 Be6
11. a3 Bc5 12. Nxd5 Bxd5 13. Nc3 Be6 14. b4 Bb6 15. Na4 Qd7 16. Nxb6 axb6 17. Bb2 Rad8 18. Bb5 Qxd1 19. Rfxd1 Rxd1+ 20. Rxd1 Na7
21. Be2 c5 22. Bf3 Rb8 23. Rd6 cxb4 24. Rxb6 bxa3 25. Bxa3 Bc8 26. Bc5 Be6 27. Rxe6 fxe6 28. Bxa7 Ra8 29. Bd4 Rb8 30. e4 b5
31. Bg4 Kf7 32. f5 exf5 33. exf5 gxf5 34. Bxf5 h5 35. Bd7 b4 36. e6+ Ke7 37. Bc5+ Kd8 38. Ba4
1-0

[Event "Aaron"]
[Site "SchemingMind.com"]
[Date "2005.04.04"]
[Round "-"]
[White "Gordon"]
[Black "loco61"]
[Result "1-0"]
[WhiteCountry "ENG"]
[BlackCountry "ENG"]
[WhiteElo "1992"]
[WhiteRD "70"]
[BlackElo "1515"]
[BlackRD "66"]
[GameID "12129"]

1. d4 Nf6 2. c4 e6 3. Nc3 Bb4 4. a3 Bxc3+ 5. bxc3 O-O 6. e3 Nc6 7. Bd3 d6 8. Ne2 e5 9. Ng3 b6 10. O-O Qe7
11. f3 Bd7 12. Qe2 g6 13. Qf2 Rad8 14. e4 a5 15. Bg5 Kg7 16. f4 h6 17. fxe5
1-0